00649nam a2200169 a 450000100100000000500170001000800410002704000250006810000360009324500990012926000440022830000200027250000230029250000420031595201050035799900170046200004510620201002045901.0150203s19uu dr 000 0 spa d aDO-SdBNPbspacBNPHU1 aCandelario Veras, Carlos92266310aRed de Clubes Juveniles :bunidos por el desarrollo de la juventud /cCarlos Candelario Veras. aSanto Domingo :bYan Impresos,c[19uu]. a60 p. ;c21 cm. aUn proyecto modelo aIncluye datos biografícos del autor 0010718PDaPDbPDcCTd2015-02-03iLF1l0o p45106-10r2020-06-25w2020-06-25yLFPDZNo se presta c44595d44595